000 01161nam a22002897a 4500
001 7814
003 FISKH
005 20250811110157.0
008 250811b cb ||||| |||| 00| 0 eng d
040 _aFISKH
_beng
_cFISKH
_dFISKH
050 _aPZ7
082 _a823.92
100 _aDickins, Rosie
245 _aThe magic pear tree /
_cA folk tale from china ; Retold by Rosie Dickins ; Illustrated by Matt Ward
250 _aThis edition first published in 2009
260 _aLondon :
_bUsborne,
_c2009
300 _a48 pages :
_bcolor illustrations ;
_c20 cm
505 _aJ
520 _aShen doesn't like to share anything - especially not his yummy pears. Can a hungry beggar teach him a little kindness? The Chinese folktale retold for beginner readers developing reading stamina through simple, repetitive text. Part of the Usborne Reading Programme developed with reading experts at the University of Roehampton.
521 8 _a460
_bLexile
521 8 _aJ
_bRaz-Plus
650 _2Children Classics
_aFolklore
650 _2Juvenile fiction
_aVocabulary
700 _aWard, Matt
_dillustrator
942 _2ddc
_cBK
_n0
999 _c7814
_d7814